1598 1688 1614 1090 1444 1760 1473 1361 1736 1100 1589 1414 1022 1749 1904 1475 1152 1834 1538 1582 1736 1468 1660 1330 1837 1723 1336 1097 1333 1621 1720 1739 1259 1639 1497 1780 1562 1440 1076 1618 1200 1339 1478 1896 1284 1048 1612 1876 1359 1669 1736 1087 1697 1519 1298 1688 1478 1035 1464 1768 1448 1752 1602 1932 1141 1817 1048 1174 1433 1519 1830 1230 1234 1264 1198 1446 1848 1706 1825 1411 1237 1843 1132 1031 1709 1297 1758 1847 1795 1690 1143 1638 1333 1441 1981 1123 1080 1503 1983 BCNSPRNW ULIB Ver.6.0+V

เปลี่ยนเป็นภาษาไทย

Change to English
 แสดงรายละเอียดบรรณานุกรม
  กลับหน้าหลัก

Brief Record : Get Marc (ISO 2709) : E-mail record : QR code < ปิดหน้าต่าง
LEADER : 00000nam 2200000uu 4500
001    13399124347
003     ULIB
008    150511s2555||||th 000 0 tha d
020    ^a9786162142314
099    ^aนว ว257อ
100    ^aวรรณวรรธน์
245    ^aอขิทโร มหาคุรุเทวา ปรัยวสาน ๒ เล่ม 5
250    ^aพิมพ์ครั้งที่ 1
260    ^aกรุงเทพฯ :^bณ บ้านวรรณกรรม กรุ๊ป,^c2555
300    ^a374 หน้า
650    ^aวรรณวรรธน์^xนิยาย
945    ^p300^l0^i039391
999    ^aเกษร โพธิ์สุวรรณ
รายการนี้ยังไม่มีแท็ก
คุณยังไม่ได้ล็อกอิน คุณสามารถมีกิจกรรมร่วมกับเว็บไซต์ได้ แต่ต้องล็อกอินก่อน ::
  ล็อกอิน

รายการสื่อสารสนเทศ

ลำดับที่ ประเภท เลขเรียก/บาร์โค้ด สถานที่ สถานะ
1. นวนิยาย
นวนิยาย
นว ว257อ ฉ.1 
  Barcode: 039391
ห้องสมุดวิทยาเขตสวรรค์ประชารักษ์
►นวนิยาย
บนชั้น
  ขอยืม

รายการใกล้เคียง
    ผู้แต่ง [วรรณวรรธน์]

BibComment


ยังไม่เคยถูกคอมเมนท์

คอมเมนท์ทรัพยากรรายการนี้
  คอมเมนท์: อขิทโร มหาคุรุเท..


 Copyright 2026. Bcnsprnw @Library